Kashmir Dispute: (Record no. 549693)
[ view plain ]
| 000 -LEADER | |
|---|---|
| fixed length control field | 00612nam a2200181Ia 4500 |
| 020 ## - INTERNATIONAL STANDARD BOOK NUMBER | |
| International Standard Book Number | 969832903X(hb) |
| 082 ## - DEWEY DECIMAL CLASSIFICATION NUMBER | |
| Classification number | 954.6 |
| Author Mark | IJA |
| -- | D |
| 100 ## - MAIN ENTRY--PERSONAL NAME | |
| Personal name | Ijaz Hussain. |
| 9 (RLIN) | 46341 |
| 245 ## - TITLE STATEMENT | |
| Title | Kashmir Dispute: |
| Remainder of title | an international law perspective. |
| 260 ## - PUBLICATION, DISTRIBUTION, ETC. | |
| Place of publication, distribution, etc. | Islamabad: |
| Name of publisher, distributor, etc. | National Institute of Pakistan Studies, |
| Date of publication, distribution, etc. | 1998. |
| 300 ## - PHYSICAL DESCRIPTION | |
| Extent | 309p. |
| 526 ## - STUDY PROGRAM INFORMATION NOTE | |
| Program name | 0 |
| Interest level | 0 |
| Reading level | 0 |
| Title point value | 954_600000000000000_IJA |
| 526 ## - STUDY PROGRAM INFORMATION NOTE | |
| Program name | 0 |
| Interest level | 0 |
| Reading level | 0 |
| Title point value | 954_600000000000000_IJA |
| 526 ## - STUDY PROGRAM INFORMATION NOTE | |
| Program name | 0 |
| Interest level | 0 |
| Reading level | 0 |
| Title point value | 954_600000000000000_IJA |
| 650 ## - SUBJECT ADDED ENTRY--TOPICAL TERM | |
| Topical term or geographic name entry element | Jammu and Kashmir (Indian-Occupied) -- Politics and Government -- 1947-- |
| 9 (RLIN) | 46342 |
| 650 ## - SUBJECT ADDED ENTRY--TOPICAL TERM | |
| Topical term or geographic name entry element | MCE |
| 9 (RLIN) | 379 |
| 942 ## - ADDED ENTRY ELEMENTS (KOHA) | |
| Source of classification or shelving scheme | |
| Koha item type | Book |
| Withdrawn status | Lost status | Source of classification or shelving scheme | Damaged status | Not for loan | Permanent Location | Current Location | Date acquired | Total Checkouts | Full call number | Barcode | Date last seen | Price effective from | Koha item type |
|---|---|---|---|---|---|---|---|---|---|---|---|---|---|
| Military College of Engineering (MCE) | Military College of Engineering (MCE) | 10/09/2014 | 954.6 IJA | MCE-31001 | 10/09/2014 | 10/09/2014 | Book | ||||||
| Military College of Engineering (MCE) | Military College of Engineering (MCE) | 10/09/2014 | 954.6 IJA | MCE-32500 | 10/09/2014 | 10/09/2014 | Book | ||||||
| Military College of Engineering (MCE) | Military College of Engineering (MCE) | 10/09/2014 | 954.6 IJA | MCE-31000 | 10/09/2014 | 10/09/2014 | Book |
